Statistics for Bangladesh Quiz

Click here to take the quiz!

General Stats

  • This quiz has been taken 1,088 times
  • The average score is 9 of 14

Answer Stats

HintAnswer% Correct
Bordering nationsIndia
97%
Capital and largest cityDhaka
96%
The geography of Bangladesh is dominated by this delta, the largest in the worldBengal Delta or Ganges Delta
90%
Majority religion at 90%Islam
90%
Between 1947 and 1971, Bangladesh was known as part of this countryPakistan
84%
Official languageBengali
78%
Burma
78%
National animalRoyal Bengal Tiger
76%
Second largest cityChittagong
66%
CurrencyTaka
57%
Bangladesh lies on this latitude lineTropic of Cancer
35%
Bangladesh is the largest contributor of manpower to the peacekeeping forces of this international bodyUnited Nations
32%
This vegetable fiber drove the economy until it began to be replaced by man-made substancesJute
26%
Bangladesh has the largest ________ in South AsiaShopping mall
7%

Score Distribution

Percentile by Number Answered

Percent of People with Each Score

Your Score History

You have not taken this quiz